About Rothko / (Record no. 18773)

000 -LEADER
fixed length control field 00907pam a2200277 a 4500
001 - CONTROL NUMBER
control field 460356
005 - DATE AND TIME OF LATEST TRANSACTION
control field 20170114091451.0
008 - FIXED-LENGTH DATA ELEMENTS--GENERAL INFORMATION
fixed length control field 830124s1983 nyuaf b 001 0 eng
010 ## - LIBRARY OF CONGRESS CONTROL NUMBER
LC control number 83002268
020 ## - INTERNATIONAL STANDARD BOOK NUMBER
International Standard Book Number 0195033485
020 ## - INTERNATIONAL STANDARD BOOK NUMBER
International Standard Book Number 0195033493 (pbk.)
050 00 - LIBRARY OF CONGRESS CALL NUMBER
Classification number ND237.R725A93 1983
100 1# - MAIN ENTRY--PERSONAL NAME
Personal name Ashton, Dore.
245 10 - TITLE STATEMENT
Title About Rothko /
Statement of responsibility, etc. Dore Ashton.
260 ## - PUBLICATION, DISTRIBUTION, ETC. (IMPRINT)
Place of publication, distribution, etc. New York :
Name of publisher, distributor, etc. Oxford University Press,
Date of publication, distribution, etc. 1983.
300 ## - PHYSICAL DESCRIPTION
Extent 225 p., 16 p. of plates :
Other physical details ill. (some col.) ;
Dimensions 24 cm.
500 ## - GENERAL NOTE
General note Includes index.
504 ## - BIBLIOGRAPHY, ETC. NOTE
Bibliography, etc Bibliography: p. 203-207.
600 10 - SUBJECT ADDED ENTRY--PERSONAL NAME
Personal name Rothko, Mark,
Dates associated with a name 1903-1970.
650 #0 - SUBJECT ADDED ENTRY--TOPICAL TERM
Topical term or geographic name as entry element Painters
Geographic subdivision United States
General subdivision Biography.
942 ## - ADDED ENTRY ELEMENTS (KOHA)
Source of classification or shelving scheme
Koha item type Hard Covered Materials
Classification part ND237.R725A93 1983
Holdings
Withdrawn status Lost status Source of classification or shelving scheme Damaged status Not for loan Home library Current library Shelving location Date acquired Source of acquisition Total Checkouts Full call number Barcode Date last seen Price effective from Koha item type
          MACHAKOS UNIVERSITY LIBRARY MACHAKOS UNIVERSITY LIBRARY Technical section 14/01/2017 Donation(BFA)   ND237.R725A93 1983 29440 19/07/2018 14/01/2017 Hard Covered Materials
© Machakos University Library, Along The Highway, Machakos Wote Rd, Machakos, Kenya P.O. Box 136 - 90100 Machakos - Kenya

Tel: ( +254 ) 723 805829 OR Fax : 044-20353 OR Email: library@mksu.ac.ke